00498nam a2200169Ia 4500008004100000082001100041100003100052245004000083250000800123260002500131300001000156500002400166650001200190942000700202952010200209999001700311230524s9999 xx 000 0 und d a4bBRY aBryan Pfaffenbergen915320 0aQues Computer & Internet Dictionary a6TH aNEW DELHIbPHIc1998 aX;574 aQuantity Number: 1 aComp-Sc cBK 00104070aTATCLbTATCLcGENd2023-05-24l0o004 BRYp4211r2023-05-24w2023-05-24yBKzCPEC5404 c22912d22912